00812 2200289 4500001002100000005001700021008004100038020002200079035002500101040001200126082001200138084001800150100001700168245007500185260004200260300002900302504003100331650002200362850001200384990001800396990001800414990001800432990001800450990001800468990001800486990001800504INLIS00000000000338320160219095627.0  a978-4-8053-1328-2 a0010-041500000000449 aYOPDYOG a720.952 a720.952 Loc J aLOCHER, Mira aJapanese architecture an exploration of elements & forms/cMira Locher aSingaporeb: Tuttle Publishingc,2010 a223 hlm.b:ilus.c;25 cm aBibliografi : hlm. 218-219 aArsitektur-Jepang aYOPDYOG a10605-PD/B.15 a10606-PD/B.15 a10605-PD/B.15 a10607-PD/B.15 a10607-PD/B.15 a10605-PD/B.15 a10606-PD/B.15